000 03274cam a22005654i 4500
003 PE-LiUPU
005 20250731173317.0
008 150625s2006 pe a r 000 0 d
035 _a(Sirsi) a37597
040 _aPE-LiUPU
_bspa
_cPE-LiUPU
_erda
082 0 4 _a232.954
_bV62
_221
082 0 4 _a232.954
_bV62 2006
100 1 _aVictoriano, Miguel Angel,
_eautor.
245 1 0 _aConociendo a Jesús /
_cMiguel Angel Victoriano.
264 1 _aJuliaca, Perú :
_bUnivesidad Peruana Unión,
_c2006.
300 _a164 páginas :
_bilustraciones ;
_c19 cm.
336 _atext
_2rdacontent
337 _aunmediated
_2rdamedia
338 _avolume
_2rdacarrier
504 _aBibliografía: p. 164.
505 0 _aJesús el centro de las Escituras -- Jesús me habla por su palabra -- En el campo de batalla con Jesús -- Jesús nos presenta al Padre y al Espìritu Santo -- Jesús nos cuenta sobre el principio de todo -- Jesús el Hijo de Dios e hijo del hombre -- Agua, pan y vino, símbolos de mi entrega permanente a Jesús -- ¿Dónde está Jesús hoy? ¿Y qué está haciendo por mí? -- Conociendo la voluntad de Dios -- El día dedicado a Jesús -- Jesús entrega un regalo especial a su iglesia -- Viviendo la vida con Jesús -- Jesús crea la familia -- Jesús anuncia: "continuará" -- Cuando el fin es el comienzo.
526 _aSEG42
526 _aSEG41
526 _aSEG40
526 _aSEG39
526 _aP94
526 _aP87
526 _aP86
526 _aP85
526 _aP77
526 _aP76
526 _aP35
600 1 _aJesucristo
_xEnseñanza bíblica
600 1 _aJesucristo
_vMeditaciones
650 0 4 _aSalvación
_xEnseñanza bíblica.
910 _bjv
_cjv
_d20060906
910 _tqv
_d20180213
942 _2ddc
_cBOOK
949 _a232.954 V62
_wDEWEY
_c1
_i56609
_lCCODEBUL1
_mBUL
_p5.00
_r0
_sY
_tBOOK
_u2015-06-25
_xBIBLIOTECA
_zUNKNOWN
_0COMPRA
_o.STAFF. Colección General
949 _a232.954 V62 2006
_wDEWEY
_c1
_iFJ10244
_lCCODEBUJ1
_mBUJ
_p5.00
_r0
_sY
_tBOOK
_u2017-02-13
_xEDUCACIÓN
_PP14
_0COMPRA
_o.STAFF. Colección General Juliaca
949 _a232.954 V62 2006
_wDEWEY
_c2
_iFJ10245
_lCCODEBUJ1
_mBUJ
_p5.00
_r0
_sY
_tBOOK
_u2017-02-13
_xEDUCACIÓN
_PP14
_0COMPRA
_o.STAFF. Colección General Juliaca
949 _a232.954 V62 2006
_wDEWEY
_c3
_iFJ10246
_lCCODEBUJ1
_mBUJ
_p5.00
_r0
_sY
_tBOOK
_u2017-02-13
_xEDUCACIÓN
_PP14
_0COMPRA
_o.STAFF. Colección General Juliaca
596 _a1 3
999 _a232.954 V62
_wDEWEY
_c45788
_i56609
_f2021-11-10
_g4
_lCCODEBUL1
_mBUL
_p5.00
_r0
_sY
_tBOOK
_u2015-6-25
_xTEOLOGIA
_zUNKNOWN
_0COMPRA
_o.STAFF. Colección General
_d45788
999 _a232.954 V62 2006
_wDEWEY
_c1
_iFJ10244
_d2018-6-11
_f2022-2-3
_g3
_lCCODEBUJ1
_mBUJ
_p5.00
_q1
_r0
_sY
_tBOOK
_u2018-2-13
_xEDUCACION
_PP14
_0COMPRA
_o.STAFF. Colección General Juliaca
999 _a232.954 V62 2006
_wDEWEY
_c2
_iFJ10245
_f2022-2-3
_g3
_lCCODEBUJ1
_mBUJ
_p5.00
_r0
_sY
_tBOOK
_u2018-2-13
_xEDUCACION
_PP14
_0COMPRA
_o.STAFF. Colección General Juliaca
999 _a232.954 V62 2006
_wDEWEY
_c3
_iFJ10246
_d2019-5-31
_f2022-2-3
_g3
_lCCODEBUJ1
_mBUJ
_p5.00
_q1
_r0
_sY
_tBOOK
_u2018-2-13
_xEDUCACION
_PP14
_0COMPRA
_o.STAFF. Colección General Juliaca
980 _81
_gALBERTO SANCHEZ Responsable de Automatización